| 000 | 00388nam a22001697a 4500 | ||
|---|---|---|---|
| 003 | OSt | ||
| 008 | 221007b ||||| |||| 00| 0 eng d | ||
| 020 | _a9788194708285 | ||
| 082 | _a615.1 UDM | ||
| 100 | _aUDAYKUMAR, Padmaja | ||
| 245 | _aMedical Pharmacology | ||
| 250 | _a7th | ||
| 260 |
_aNew Delhi _bCBS _c2021 |
||
| 300 | _axxii,769 | ||
| 650 | _aPharmacology | ||
| 942 |
_2ddc _cBK |
||
| 999 |
_c11573 _d11573 |
||